000 00929nam a2200217 a 4500
001 000465500
003 AM-YeHGA
005 20250618072525.0
008 051124s1925 ||| r 000 0 arm d
040 _aAM-YeHGA
041 1 _aarm
_hrus
245 0 0 _aԼենինի պատգամները յերիտասարդության :
_b(ՌԿՅԵՄ 3-րդ համագումարին, 1920 թ. հոկտեմբերի 4-ին արտասանած ճառից) /
_cԸնդհ. խմբ.՝ Դ. Սիմոնյան.
260 _aՄոսկվա :
_bԽՍՀՄ ժող. կենտր. հրատ,
_c1925.
300 _a24 էջ.
440 0 _aԼենինյան գրադարան
_v1
_95072
650 1 4 _aԿոմերիտմիություն
_xԼենինյան պատգամներ
653 0 _aԿոմերիտմիություն
700 1 _aՏեր-Սիմոնյան, Դրաստամատ Ասքանազի,
_d1895-1937
_eխմբ.
_4edt
_92835
942 _2udc
_cBK
090 _c171232
999 _c169796
_d169796